La vieille pierre blanche (notice n° 1605359)

détails MARC
000 -LEADER
fixed length control field 01191cam a2200181 4500500
005 - DATE AND TIME OF LATEST TRANSACTION
control field 20251228095026.0
041 ## - LANGUAGE CODE
Language code of text/sound track or separate title fre
042 ## - AUTHENTICATION CODE
Authentication code dc
100 10 - MAIN ENTRY--PERSONAL NAME
Personal name Kerbellec, Frédérique
Relator term author
245 00 - TITLE STATEMENT
Title La vieille pierre blanche
260 ## - PUBLICATION, DISTRIBUTION, ETC.
Date of publication, distribution, etc. 2016.<br/>
500 ## - GENERAL NOTE
General note 23
520 ## - SUMMARY, ETC.
Summary, etc. Pénélope et Emma Bovary attendent : l’une, un retour, l’autre un recommencement. Est-ce toutefois la même attente ? Si autour de la femme d’Ulysse rôde un secret, Emma meurt de ce vide qui l’habite.
520 ## - SUMMARY, ETC.
Summary, etc. Penelope and Emma Bovary are both waiting for something: for Odysseus’ return in the first case, for a renewal in the second. But is it the same type of waiting? There is secrecy involved in Penelope’s situation, whereas Emma dies from the emptiness within her.
520 ## - SUMMARY, ETC.
Summary, etc. Penelope e Emma Bovary esperam, a primeira por um regresso, a segunda por um recomeço. Tratar-se-á, no entanto, do mesmo tipo de espera? Se à volta da mulher de Ulisses paira um segredo, já Emma morre do vazio que nela habita.
786 0# - DATA SOURCE ENTRY
Note Sigila | 37 | 1 | 2016-03-01 | p. 149-151 | 1286-1715
856 41 - ELECTRONIC LOCATION AND ACCESS
Uniform Resource Identifier <a href="https://shs.cairn.info/revue-sigila-2016-1-page-149?lang=fr&redirect-ssocas=7080">https://shs.cairn.info/revue-sigila-2016-1-page-149?lang=fr&redirect-ssocas=7080</a>

Pas d'exemplaire disponible.

PLUDOC

PLUDOC est la plateforme unique et centralisée de gestion des bibliothèques physiques et numériques de Guinée administré par le CEDUST. Elle est la plus grande base de données de ressources documentaires pour les Étudiants, Enseignants chercheurs et Chercheurs de Guinée.

Adresse

627 919 101/664 919 101

25 boulevard du commerce
Kaloum, Conakry, Guinée

Réseaux sociaux

Powered by Netsen Group @ 2025